| 000 | 00833 a2200205 4500 | ||
|---|---|---|---|
| 020 | _a8847006066 | ||
| 020 | _a9788847006065 | ||
| 082 | _a539 | ||
| 090 |
_c1192 _d1192 |
||
| 100 | 1 | _aBecchi, Carlo M. | |
| 245 | 1 | 0 |
_aIntroduction to the basic concepts of modern physics / _cCarlo M. Becchi, Massimo D'Elia. |
| 260 |
_a[S.l.] : _bSpringer, _c2007. |
||
| 300 |
_a155 p. ; _c24 cm. |
||
| 490 | 1 | _aUnitext / collana di fisica E astronomia. | |
| 700 | 1 | _aD'Elia, Massimo. | |
| 830 | 0 | _aUnitext / collana di fisica E astronomia. | |
| 942 |
_aSNS _cBK _k539 BEC |
||
| 999 |
_c29805 _d29805 |
||